| 000 | 00476nam a2200169Ia 4500 | ||
|---|---|---|---|
| 008 | 230917s9999||||xx |||||||||||||| ||und|| | ||
| 020 | _cGBP63 | ||
| 040 |
_e227113 _aMAIN |
||
| 041 | _aEnglish | ||
| 082 | _a338.4791 R272P | ||
| 100 | _aReijnders, Stijn | ||
| 245 | 0 | _aPlace of the imagination: Media, tourism, culture | |
| 260 |
_aBurlington _bAshgate Publishing _c2011 |
||
| 300 | _axi, 161 p. | ||
| 500 | _a2127 24/09/2015 KB15/130 28/09/2015 Main Budget | ||
| 942 | _cBK | ||
| 999 |
_c16143 _d16143 |
||